Wortquadrate 2 - Statistiken

Allgemein
  • Dieses Quiz wurde 271 mal gespielt
  • Das Durchschnittsergebnis liegt bei 10 aus 15
Antwortstatistiken
Hint Antwort % Korrekt
Verkehrsteilnehmer mit deutlich überhöhter Geschwindigkeit Raser
91%
Fluss durch Paris Seine
91%
Milcherzeugnis Käse
84%
Lehre vom Licht; auch: Aussehen, Erscheinungsbild Optik
74%
indigene Volksgruppen in Nordamerika und Grönland Inuit
73%
ein Marder Iltis
71%
Behälter aus Kunststoff oder Papier Tüte
70%
weiblicher Vorname Paula
68%
Würz- und Konservierungsmittel Essig
67%
Gebärde, Körperbewegung zwecks Kommunikation Geste
67%
trigonometrische Funktion Sinus
66%
Bestandteil des Blutes; Impfstoff; Gegengift Serum
59%
Zeitraum, in dem etwas erledigt werden muss Frist
55%
diakritisches Zeichen, z. B. in "Noël" oder "Zaïre" Trema
37%
franz. Fluss Isere
35%
Keine übereinstimmenden Quizze gefunden
Verteilung der Resultate
Anzahl Personen mit jedem Resultat
Perzentil nach korrekt beantworteten Fragen
Ihre Resultats-Entwicklung
Sie haben dieses Quiz noch nicht gespielt